Introducción al pensamiento libertario /

में बचाया:
ग्रंथसूची विवरण
मुख्य लेखक: Malavassi Calvo, Federico
स्वरूप: मूलपाठ
विषय:
टैग: टैग जोड़ें
कोई टैग नहीं, इस रिकॉर्ड को टैग करने वाले पहले व्यक्ति बनें!

MARC

LEADER 00000 a a2200000 04500
001 16793
003
040
100 |a Malavassi Calvo, Federico  
245 |a Introducción al pensamiento libertario /  |c Federico Malavassi Calvo 
650 |a IDEOLOGIAS POLITICAS  
650 |a DOCTRINAS POLITICAS  
650 |a DOCTRINAS SOCIALES  
650 |a DESARROLLO POLITICO  
650 |a DESARROLLO ECONOMICO  
650 |a DESARROLLO SOCIAL  
650 |a LIBERTADES CIVILES  
773 |g volumen 10, número 2; páginas 55-83  
999 |c 25714  |d 25714